[Event "Magnus Carlsen Chess Tour Finals Kiva"]
[Site "Online"]
[Date "2020.08.07"]
[Round "1.2"]
[White "Nakamura, Hikaru"]
[Black "Dubov, Daniil"]
[Result "1-0"]
[WhiteElo "2829"]
[BlackElo "2770"]
[Annotator "TA"]
[PlyCount "68"]
[EventDate "2020.08.09"]
[EventType "k.o."]
[SourceTitle "playchess.com"]
[Source "ChessBase"]
[SourceQuality "1"]

{[%evp 18,68,23,29,41,25,29,0,0,1,7,23,20,9,29,41,13,49,43,0,0,0,0,-75,0,0,0,-19,-7,-153,-163,-88,-34,-224,-225,-210,-208,-422,-36,-150,-143,-176,0,0,0,-266,-270,-261,458,465,450,443,29999]} 1. e4 c5 2. Nf3 Nc6 3. d4 cxd4 4. Nxd4 Nf6 5. Nc3 d6 6. Bg5 Bd7 7. f3 a6 8. Qd2 e6 9. O-O-O Nxd4 10. Qxd4 h6 {B67: Sicilian: Richter-Rauzer: 7...a6 8 0-0-0 Bd7, lines without 9 f4 Be7.} 11. Bh4 $5 {[%mdl 4] Leaves trodden paths.} Be7 {[#]} 12. Bc4 $146 ({Predecessor:} 12. f4 Bc6 13. f5 e5 14. Qd3 Ng4 15. Bxe7 Qxe7 16. Qf3 Nf6 17. Bc4 Rc8 18. Bd5 {½-½ (48) Zeng,C (2551)-Lupulescu,C (2649) Changsha 2019}) 12... b5 {The position is equal.} 13. Bb3 a5 14. a4 $1 {[%cal Ra4b5]} b4 15. Ne2 O-O 16. Bxf6 Bxf6 17. Qxd6 Ra7 18. Ng3 Qe8 19. Nh5 {And now Qg3 would win.} Bxa4 20. Bc4 (20. Nxf6+ $11 {remains equal.} gxf6 21. Bc4) 20... Qb8 (20... Qe7 $17) 21. Nxf6+ $11 gxf6 22. Qg3+ Kh7 23. Rd4 (23. Qxb8 $11 Rxb8 24. Rd2) 23... e5 $17 24. Rd2 Rc7 ({Better is} 24... Qc7 $1 $17 {[%cal Rc7c4]} 25. Bd5 Bd7) 25. b3 $2 (25. Bd5 $1 $15) 25... Bb5 $19 26. Bd5 a4 27. Qh3 $2 (27. f4 Qc8 28. Qh3) 27... Rfc8 $2 (27... Bd7 $19 28. Qh5 Be6 29. bxa4 b3) 28. Kb1 (28. Rhd1 $15) 28... axb3 $1 $17 29. Bxb3 {Black must now prevent Qf5+.} ({Don't go for} 29. cxb3 $2 Qa7 $19) 29... Ra7 $2 (29... Bc4 $1 $19 30. Rhd1 Bxb3 31. cxb3 Rc3) 30. Qf5+ $11 Kg7 {aiming for ...Qa8.} 31. Qg4+ $2 {[%mdl 8192]} (31. Rhd1 $1 $11 {and White stays safe.} Qa8 32. Qg4+ Kh7 33. Qf5+ Kg7 34. Kb2) 31... Kf8 $19 32. Rhd1 {[#]} Ke7 $4 {[%mdl 8192] [#]} ({Worse is} 32... Qa8 33. Qxc8+ Qxc8 34. Rd8+ Qxd8 35. Rxd8+ Kg7 36. Kb2 $14) (32... Ra8 $1 $19 {and life is good for Black. ...Qa7 is the strong threat.} 33. Bd5 {[#]} b3 $1 {[%mdl 512]}) 33. Qg7 $1 $18 {[%csl Gb3,LRf7,LRh6][%cal Rg7f7][%mdl 512]} Be8 {Strongly threatening ...Qa8.} 34. Rd6 {[%csl Gb3][%cal Rd6e6]} Qc7 {Accuracy: White = 51%, Black = 61%.} (34... Qxd6 $18 35. Rxd6 Kxd6 36. Qxf6+ Kc7) 1-0

[Event "Magnus Carlsen Chess Tour Finals Kiva"]
[Site "Online"]
[Date "2020.08.07"]
[Round "1.2"]
[White "Nakamura, Hikaru"]
[Black "Dubov, Daniil"]
[Result "1/2-1/2"]
[WhiteElo "2829"]
[BlackElo "2770"]
[Annotator "TA"]
[PlyCount "182"]
[EventDate "2020.08.09"]
[EventType "k.o."]
[SourceTitle "playchess.com"]
[Source "ChessBase"]
[SourceQuality "1"]

{[%evp 24,182,17,10,18,10,21,17,23,12,23,13,16,13,15,0,20,21,27,26,25,21,52,51,69,59,74,57,75,72,97,97,97,97,97,97,97,97,107,59,69,52,52,52,66,66,66,66,66,66,66,66,66,66,66,66,66,66,66,66,66,66,66,66,66,66,66,66,66,66,66,66,66,66,66,66,73,66,73,66,63,59,59,59,59,59,59,59,59,59,59,56,56,55,50,54,226,56,56,48,62,48,57,48,56,48,48,48,56,48,48,48,48,42,50,44,48,56,87,67,69,42,42,42,58,8,8,8,8,8,8,8,8,0,0,0,8,8,8,8,8,8,8,0,8,0,8,8,8,8,8,8,8,8,8,8,8,0,0,-8,-8]} 1. e4 c5 2. Nf3 Nc6 3. d4 cxd4 4. Nxd4 Nf6 5. Nc3 e5 6. Ndb5 d6 7. Bg5 a6 8. Na3 b5 9. Nd5 Be7 10. Bxf6 Bxf6 11. c3 Rb8 12. Nc2 Bg5 13. a4 bxa4 {B33: Sicilian: Pelikan and Sveshnikov Variations.} 14. Ncb4 Nxb4 15. cxb4 Bd7 16. Bxa6 O-O 17. Bc4 $5 {[%mdl 4] A promising side line.} Kh8 18. b3 axb3 19. Qxb3 Qe8 20. O-O Bd8 {[#]} 21. b5 $146 ({Predecessor:} 21. Ra2 Bc6 22. Rb1 f5 23. exf5 Rxf5 24. Kh1 Qf8 25. Qd3 e4 26. Qxe4 Rb5 27. Rd1 Rxb4 28. Qe2 Rb8 29. f3 Bg5 30. Qd3 {½-½ (30) Karjakin,S (2773)-Dubov,D (2666) Tbilisi 2017}) 21... f5 22. exf5 Bxb5 23. Rfd1 {And now Rab1 would win.} Bh4 24. Bxb5 Rxb5 25. Qa4 $36 {[%mdl 2048] White has good play.} Bd8 26. Nc3 {[%mdl 64] [#] Discovered Attack} Ra5 27. Qxe8 Rxe8 28. Rxa5 Bxa5 $16 {[%mdl 4096] Endgame KRB-KRN} 29. Ne4 Bb4 30. Nxd6 Rf8 31. Nc4 Rxf5 32. Nxe5 h5 33. Nf3 Bc5 34. h4 Be7 35. Rd3 Bf6 36. g3 Kh7 37. Kg2 Rb5 38. Rd6 Rf5 39. Ra6 Rd5 40. Ra4 Kg6 41. Ng1 Kf5 42. Rf4+ Ke6 43. Nh3 g6 44. Ra4 {Black must now prevent Nf4+.} Rd7 45. Ra6+ Kf7 46. Nf4 Rb7 47. Ra3 Rd7 48. Rf3 Rd6 49. Rb3 Rd7 50. Ra3 Rb7 51. Nd5 {aiming for Rf3.} Rd7 52. Rd3 Be5 53. Kf3 Ra7 54. Rb3 Ke6 55. Ne3 Rf7+ 56. Ke4 {Rb6+ is the strong threat.} Bc7 57. f4 Re7 58. Rb5 Kf7+ 59. Kf3 Kg7 $2 {[#]} (59... Rd7 $14) 60. Nc4 $2 ({Only move:} 60. Rg5 $1 $18 Rd7 61. f5) 60... Rf7 61. Rc5 Re7 62. Rc6 Kf7 63. Kf2 Rd7 64. Kg2 Kg7 65. Kf3 Re7 66. Ne3 {Threatens to win with Nd5.} Rf7 $1 67. Re6 Bd8 68. Nd5 Ra7 69. Rd6 Be7 70. Rc6 Kf7 71. Ke4 Bd8 72. Rc8 Bf6 73. Rc4 Bd8 74. Ke5 Ra3 {The position is equal.} 75. Rc8 Ba5 76. f5 gxf5 77. Kxf5 Rf3+ 78. Ke5 Rxg3 79. Ra8 Be1 80. Ra7+ Ke8 81. Ke6 {[%cal Ra7a8]} Rg6+ {[%mdl 64] Discovered Attack} 82. Kf5 Rg1 83. Ke6 {[%cal Ra7a8]} Rg6+ $1 84. Kf5 Rg1 85. Ra1 Kf7 86. Nf4 Bf2 87. Rxg1 Bxg1 88. Nxh5 Bf2 89. Nf4 Bxh4 90. Ng6 Bf6 91. Ne7 Bxe7 {Accuracy: White = 92%, Black = 92%.} 1/2-1/2

[Event "Magnus Carlsen Chess Tour Finals Kiva"]
[Site "Online"]
[Date "2020.08.07"]
[Round "1.2"]
[White "Dubov, Daniil"]
[Black "Nakamura, Hikaru"]
[Result "1-0"]
[WhiteElo "2770"]
[BlackElo "2829"]
[Annotator "TA"]
[PlyCount "33"]
[EventDate "2020.08.09"]
[EventType "k.o."]
[SourceTitle "playchess.com"]
[Source "ChessBase"]
[SourceQuality "1"]

{[%evp 10,33,18,5,12,0,1,2,23,5,1,18,102,56,130,111,283,272,489,494,470,480,1676,1654,1790,1747]} 1. d4 Nf6 2. c4 e6 3. Nc3 Bb4 4. Nf3 O-O 5. Bg5 c5 6. Rc1 h6 {E21: Nimzo-Indian: 4 Nf3.} 7. Bh4 cxd4 8. Nxd4 d5 {The position is equal. 8...d5 scores better than 8...Nc6.} 9. cxd5 g5 10. Bg3 {[#]} Nxd5 $146 (10... Qxd5 $11 {keeps the balance.} 11. a3 Bxc3+ 12. bxc3 Rd8) ({Predecessor:} 10... Qxd5 11. e3 Qxa2 12. Qc2 Bxc3+ 13. Qxc3 Ne4 14. Qc2 Qa5+ 15. Ke2 Nxg3+ 16. hxg3 Kg7 {½-½ (38) Nepomniachtchi,I (2784)-Leko,P (2663) chess24.com INT 2020}) 11. e3 Qa5 (11... f5 $14) 12. Bd3 {aiming for Qh5.} Rd8 $2 (12... e5 $16 {was called for.} 13. Nb3 Qc7) 13. O-O Nxc3 $2 (13... Bf8 14. Qh5 Nc6 15. Nxc6 bxc6) 14. Qh5 $18 {White is clearly winning.} ({Weaker is} 14. bxc3 Bf8 $18) 14... Bf8 15. Rxc3 e5 {[#]} (15... Qd5 $142 16. Bc4 Qe4) 16. Bc4 $1 {[%mdl 512]} Qc7 {[#]} 17. Bxe5 $1 {[%mdl 512] Black did not feel at home in the position after the opening. Accuracy: White = 88%, Black = 36%.} 1-0

[Event "Magnus Carlsen Chess Tour Finals Kiva"]
[Site "Online"]
[Date "2020.08.07"]
[Round "1.2"]
[White "Dubov, Daniil"]
[Black "Nakamura, Hikaru"]
[Result "1/2-1/2"]
[WhiteElo "2770"]
[BlackElo "2829"]
[Annotator "TA"]
[PlyCount "122"]
[EventDate "2020.08.09"]
[EventType "k.o."]
[SourceTitle "playchess.com"]
[Source "ChessBase"]
[SourceQuality "1"]

{[%evp 19,122,8,11,22,27,25,13,5,18,14,14,11,19,9,24,0,0,0,35,37,14,17,52,58,44,43,59,33,30,14,19,25,41,6,60,25,45,30,55,52,106,106,106,106,106,95,95,57,148,125,148,71,68,68,68,68,164,95,95,57,57,57,57,34,41,0,57,57,80,0,0,0,0,0,35,35,35,9,35,35,35,35,35,35,35,35,35,35,35,35,35,0,0,0,0,0,0,0,0,0,0,0,0,0,0]} 1. c4 e5 2. Nc3 Nf6 3. Nf3 Nc6 4. g3 d5 5. cxd5 Nxd5 6. Bg2 Nb6 7. O-O Be7 8. a3 O-O 9. b4 {[%cal Bb2b4,Bb4b5][%mdl 32]} Be6 10. Rb1 f6 11. b5 {A29: English Opening: Four Knights Variation with 4 g3.} Nd4 12. e3 Nxf3+ 13. Bxf3 Qc8 14. a4 a5 15. bxa6 Rxa6 16. d4 Rd8 17. Be4 {[#]} (17. Qc2 Bf5 18. Qb3+ Be6 19. Qc2 Bf5 20. Be4 Bxe4 21. Qxe4 exd4 22. exd4 Bf8 23. Bf4 c6 {½-½ (37) Dubov,D (2699)-Nakamura,H (2736) chess24.com INT 2020}) 17... f5 $146 ({Predecessor:} 17... exd4 18. exd4 f5 19. Bd3 Rxd4 20. Ne2 Rdxa4 21. Bxa6 Rxa6 22. Nd4 Bf7 23. Qc2 Ra5 24. Re1 Bf8 25. Nf3 Bd5 {½-½ (25) Martin Sanchez,C (2471)-Kraft,D (2477) ICCF email 2018}) 18. Bd3 Ra5 19. Qc2 e4 20. Be2 Nd5 21. Nxd5 Bxd5 22. Bd2 Ra7 $1 23. a5 c6 24. Bc4 Qe6 25. Bxd5 Rxd5 26. Rfc1 Ba3 (26... Rd7 $11) 27. Re1 Be7 28. Rb3 Bd8 29. Reb1 Bxa5 (29... Qd7 $14) 30. Bxa5 $16 ({Don't take} 30. Rxb7 Rxb7 31. Rxb7 Bxd2 $14) 30... Rdxa5 31. Rxb7 h6 32. Rxa7 Rxa7 {[%mdl 4096] Endgame KQR-KQR} 33. Rc1 Ra6 (33... f4 $14) 34. Kg2 Kh7 35. h4 (35. h3 $142) 35... Qf7 36. Qe2 Rb6 37. Rc5 h5 (37... Qg6 $14) 38. Qc2 (38. Qd2 $18) 38... Qg6 39. Kh2 Qg4 $1 40. Ra5 Qf3 41. Ra8 Rb3 42. Ra1 Rb6 ({Black should try} 42... Rd3 $1 $11) 43. Kg1 $14 Qg4 44. Rb1 (44. Ra8 $16) 44... Rxb1+ $11 45. Qxb1 {KQ-KQ} Qe2 46. Qc1 Qb5 47. Qd1 g6 48. Kg2 Kg7 49. Qc2 Qd5 50. Qa4 Qd7 51. Qb4 Kf7 52. Kf1 Qd5 53. Qa4 Qd7 54. Qc4+ Ke7 55. Ke2 Qb7 {The position is equal.} 56. Qc5+ Kd7 57. Qe5 Qa6+ 58. Ke1 Qa1+ 59. Ke2 Qa6+ 60. Ke1 Qa1+ 61. Ke2 Qa6+ {Accuracy: White = 76%, Black = 76%.} 1/2-1/2

[Event "Magnus Carlsen Chess Tour Finals Kiva"]
[Site "Online"]
[Date "2020.08.07"]
[Round "1.2"]
[White "Dubov, Daniil"]
[Black "Nakamura, Hikaru"]
[Result "0-1"]
[WhiteElo "2770"]
[BlackElo "2829"]
[Annotator "TA"]
[PlyCount "64"]
[EventDate "2020.08.09"]
[EventType "k.o."]
[SourceTitle "playchess.com"]
[Source "ChessBase"]
[SourceQuality "1"]

{[%evp 9,64,-24,-29,-25,-28,-50,-50,-59,-29,-70,-11,-75,-62,-96,0,-79,-78,-78,-77,-78,-46,-91,-69,-79,0,-58,-58,-57,-37,-40,-38,-109,-103,-99,-112,-143,-118,-150,-156,-155,-156,-157,-150,-369,-365,-355,-348,-360,-343,-625,-617,-605,-595,-585,-510,-729,-669]} 1. e4 e5 2. Nc3 Nf6 (2... Nc6 3. g3 Bc5 4. Bg2 Nf6 5. Nge2 d6 6. d3 a6 7. O-O Be6 8. h3 h6 9. Kh2 d5 10. exd5 Nxd5 11. f4 exf4 12. Bxd5 Bxd5 13. Nxf4 Ne7 14. Qh5 c6 15. Ncxd5 cxd5 {1-0 (45) Dubov,D (2699)-Nakamura,H (2736) chess24.com INT 2020}) 3. d4 exd4 4. Qxd4 Nc6 5. Qd3 Bc5 6. Bf4 {C26: Vienna Game: 2...Nf6, sidelines .} d6 {[#]} 7. O-O-O $146 ({Predecessor:} 7. f3 Nh5 8. Nge2 Nb4 9. Qd2 Nxf4 10. Nxf4 Be3 {0-1 (10) Badev,K (2364)-Filev,G (2231) Sofia 2006}) 7... Bxf2 8. Nf3 {White wants to play Qe2.Black is slightly better.} Bb6 9. Be2 h6 (9... Ng4 $15 10. Bg3 Ne3) 10. h3 (10. e5 $11 Nh5 11. Be3) 10... Be6 $17 11. Rhe1 Qd7 ({Better is} 11... O-O $17 12. e5 Nh5) 12. Nd5 (12. e5 $1 $11 {remains equal.} dxe5 13. Qb5 exf4 14. Rxd7 Bxd7 15. Bc4+ Be3+ 16. Kb1) 12... Bxd5 13. exd5 Ne7 14. Qb3 {[#] Hoping for Bb5.} a6 15. g4 O-O-O 16. Bc4 Ng6 (16... Rde8 $17) 17. Bd2 ({White should play} 17. Bd3 $1 $11) 17... Rde8 $15 18. Bd3 $1 {[%cal Rd3f5]} Kb8 19. a4 Ka8 20. a5 ({White should try} 20. Bf5 $15 Qd8 21. g5 hxg5 22. Nxg5) 20... Bf2 $17 21. Rf1 Be3 22. Bxg6 Bxd2+ 23. Rxd2 {Bf5 is the strong threat.} fxg6 24. Nd4 h5 25. g5 Ne4 {[%mdl 64] [#] Double Attack} 26. Ne6 $2 {Now White is beyond hope.} (26. Re2 $17 {was worth a try.}) 26... Nxd2 $19 27. Kxd2 Re7 28. Rf3 c6 29. Nf8 $2 (29. c4) 29... Qe8 {Black is clearly winning.} 30. Ne6 cxd5 31. Nd4 Re4 32. Qb6 Rf8 {Accuracy: White = 41%, Black = 77%.} 0-1

[Event "Magnus Carlsen Chess Tour Finals Kiva"]
[Site "Online"]
[Date "2020.08.07"]
[Round "1.3"]
[White "Carlsen, Magnus"]
[Black "Ding, Liren"]
[Result "1-0"]
[WhiteElo "2881"]
[BlackElo "2836"]
[Annotator "TA"]
[PlyCount "109"]
[EventDate "2020.08.09"]
[EventType "k.o."]
[SourceTitle "playchess.com"]
[Source "ChessBase"]
[SourceQuality "1"]

{[%evp 18,109,24,25,25,29,28,19,54,42,62,76,67,61,73,62,71,43,51,63,47,57,53,62,75,72,93,93,86,78,239,231,220,236,247,206,247,45,101,91,94,93,134,112,109,100,105,35,55,72,101,64,54,37,58,57,84,9,10,23,26,31,73,74,71,57,62,40,119,145,126,113,160,166,162,160,219,209,249,239,29976,29977,29977,29978,29978,29979,29978,29979,29978,29979,29979,29980,29979,29980]} 1. e4 c5 2. Nf3 d6 3. d4 cxd4 4. Nxd4 Nf6 5. Nc3 a6 6. Be3 e5 7. Nb3 Be6 8. Qd2 Be7 9. f3 h5 10. Be2 Nbd7 {B90: Sicilian Najdorf: Unusual White 6th moves, 6 Be3 Ng4 and 6 Be3 e5.} 11. Nd5 Bxd5 12. exd5 b6 {The position is equal.} 13. O-O-O {[#]} Qc7 $146 ({Predecessor:} 13... b5 14. Na5 Rc8 15. c4 bxc4 16. Bxc4 Nb6 17. Bxb6 Qxb6 18. Nc6 Nd7 19. Kb1 g6 {½-½ (58) Krueger,H (2260)-Mesquita Jr,F (2317) ICCF email 2018}) 14. Kb1 b5 15. Na5 Nb6 16. Bxb6 Qxb6 17. Nc6 Bd8 18. c4 bxc4 19. Bxc4 O-O 20. Rhe1 Nd7 21. g4 hxg4 22. fxg4 Bh4 23. g5 g6 $2 ({And not} 23... Bxe1 24. Ne7+ Kh8 25. Qxe1 Qxb2+ 26. Kxb2 Rfb8+ 27. Kc3 Rb3+ 28. axb3) (23... Rae8 $16) 24. Rf1 $1 $18 Kg7 25. Qg2 Rh8 {With the idea ...Qe3.} 26. Qg4 {White threatens Rxf7+! and mate.} Qc7 {[#]} 27. Rf3 $2 ({White has to play} 27. Rxf7+ $1 $18 {[%mdl 512]} Kxf7 28. Qe6+ Kg7 29. Ne7 Qxc4 30. Qxg6+ Kf8 31. Nf5 Qe4+ 32. Ka1 Qxf5 33. Qxf5+ Ke7 34. Qe6+ Kd8 35. g6 (35. Qxd6 Bxg5 36. Rf1 Be7 $16)) 27... f5 ({Better is} 27... Rh5 $14) 28. gxf6+ $1 $16 Nxf6 29. Qg2 Qd7 30. Rg1 Rh6 31. a3 Nh5 32. Rb3 (32. Qc2 $16) 32... Nf4 $14 33. Qc2 Kh8 34. Ka2 Qf5 35. Qd2 Qe4 36. Rc1 {aiming for Qb4.} Bg5 37. Rcc3 (37. Rg3 $16 Rh5 38. Rxg5 Rxg5 39. Qb4) 37... Ne6 $11 38. Qc2 Qxc2 39. Rxc2 Nd4 40. Nxd4 exd4 41. Rb6 Bf4 42. Rxa6 Rxa6 ({Black should play} 42... Rb8 $14) 43. Bxa6 $14 {[%mdl 4096] Endgame KRB-KRB} Rh3 44. a4 Kg7 {[#]} 45. Rf2 $1 {[%cal Rf2f4]} Be3 46. Bf1 Rh5 (46... Rh4 $16 47. Rf3 Bd2) 47. Rg2 $18 Rxd5 {intending ...d3.} 48. Bd3 Rg5 $2 (48... Rc5 $18 49. Rxg6+ Kf8 50. Rxd6 Ke7) 49. Rxg5 {White mates.} Bxg5 {KB-KB} 50. a5 {[%cal Ba4a5,Ba5a6][%mdl 32]} Bd8 51. a6 Bb6 52. Kb3 Kf6 53. Kc4 Ke5 54. Kb5 Ba7 55. Kc6 {Accuracy: White = 83%, Black = 59%.} 1-0

[Event "Magnus Carlsen Chess Tour Finals Kiva"]
[Site "Online"]
[Date "2020.08.07"]
[Round "1.3"]
[White "Ding, Liren"]
[Black "Carlsen, Magnus"]
[Result "0-1"]
[WhiteElo "2836"]
[BlackElo "2881"]
[Annotator "TA"]
[PlyCount "58"]
[EventDate "2020.08.09"]
[EventType "k.o."]
[SourceTitle "playchess.com"]
[Source "ChessBase"]
[SourceQuality "1"]

{[%evp 20,58,59,19,42,8,18,21,10,10,16,10,10,16,27,8,33,28,25,0,69,-55,-64,-141,-139,-139,-138,-97,-106,-106,-108,-179,-194,-229,-233,-227,-104,-126,-116,-5122,-4720]} 1. Nf3 c5 2. e4 d6 3. d4 cxd4 4. Nxd4 Nf6 5. Nc3 a6 6. Be3 e6 7. f3 b5 8. a3 Bb7 9. g4 h6 10. Qd2 Nbd7 11. O-O-O $1 Rc8 {B80: Sicilian Scheveningen: 6 g3 and 6 Be3, including English Attack.} 12. Kb1 d5 13. exd5 Nxd5 {The position is equal.} 14. Nxd5 Bxd5 15. Rg1 {[#]} Bc5 $146 ({Predecessor:} 15... Ne5 16. f4 Nf3 17. Nxf3 Bxf3 18. Be2 Qxd2 19. Rxd2 Bxe2 {½-½ (19) Novak,J (2525)-Evtushenko,S (2542) ICCF email 2014}) 16. f4 Nf6 {[%cal Bd7f6,Bf6e4,Be4c3][%mdl 32]} 17. Bd3 Qc7 (17... Ne4 $5 {[%cal Re4d2]} 18. Qe2 Qb6 $11) 18. Qe1 Ne4 19. h4 Qb7 (19... Qb6 $11) 20. c3 {[#]} (20. Nb3 $1 $14 Bf8 21. Bd4) 20... Bxa3 $1 $15 {[%mdl 512]} 21. f5 ({White should try} 21. bxa3 $15 Nxc3+ {[%mdl 64] Double Attack} 22. Ka1 Nxd1 23. Qxd1) 21... b4 {[%cal Rb4c3]} 22. c4 {[#]} Nc3+ $1 {[%mdl 512]} 23. Ka1 (23. bxc3 bxc3+) 23... Bxc4 24. fxe6 O-O 25. Bxc4 (25. g5 $17 Bxb2+ 26. Kxb2 Bxd3 27. Rxd3) 25... Rxc4 $19 26. Rd2 {[#]} Bxb2+ $1 {[%mdl 512]} 27. Kxb2 {[#]} b3 (27... Na4+ $1 $19 28. Kb1 (28. Ka1 $2 b3 $19) 28... Qe4+ 29. Ka1 fxe6) 28. exf7+ Qxf7 {...Na4+ is the strong threat.} 29. Nxb3 $2 {[%mdl 8192] [#]} (29. Rf2 $17 Na4+ 30. Kb1 Qg6+ 31. Nf5) 29... Rb4 $1 {[%mdl 576] Discovered Attack. Accuracy: White = 45%, Black = 78%.} 0-1

[Event "Magnus Carlsen Chess Tour Finals Kiva"]
[Site "Online"]
[Date "2020.08.07"]
[Round "1.3"]
[White "Ding, Liren"]
[Black "Carlsen, Magnus"]
[Result "1/2-1/2"]
[WhiteElo "2836"]
[BlackElo "2881"]
[Annotator "TA"]
[PlyCount "44"]
[EventDate "2020.08.09"]
[EventType "k.o."]
[SourceTitle "playchess.com"]
[Source "ChessBase"]
[SourceQuality "1"]

{[%evp 13,44,32,39,31,33,39,35,27,36,25,25,30,33,31,33,28,29,30,27,24,29,32,27,28,33,23,30,0,23,0,23,0,13]} 1. Nf3 Nf6 2. g3 g6 3. Bg2 Bg7 4. c4 O-O 5. d4 d6 6. Nc3 c6 7. O-O Bf5 8. Ng5 {E62: King's Indian: Fianchetto: 6...c6 and Panno Variation (6...Nc6) without ...a6.} (8. Ne1 Be6 9. d5 cxd5 10. cxd5 Bd7 11. Be3 a5 12. Bd4 Na6 13. Nd3 b5 14. a3 b4 15. axb4 Nxb4 16. Qd2 Rb8 17. Nxb4 Rxb4 18. e3 Qb8 19. Ne2 a4 20. Bc3 Rb5 21. Nd4 Rxd5 22. Bxd5 Nxd5 23. Rfc1 Qb7 24. Ne2 Nxc3 25. Nxc3 Rb8 26. Nd5 Bxb2 27. Rc7 Qxc7 28. Nxc7 Bxa1 29. Nd5 {0-1 (57) Ding,L (2774)-Carlsen,M (2837) Saint Louis 2017}) 8... d5 9. Qb3 Qb6 10. cxd5 {Black should prevent e4.White is slightly better.} Qxb3 11. axb3 cxd5 12. Nxd5 Nxd5 13. Bxd5 Nc6 14. e3 h6 15. Ne4 Rfd8 16. Nc3 e5 17. dxe5 Bxe5 18. e4 Bh3 19. Rd1 Bg4 {[#] Threatens to win with ...Bxc3.} 20. Rf1 $146 ({Predecessor:} 20. Rd3 Nb4 21. Rd2 Nxd5 22. Rxd5 Rxd5 23. exd5 Bf3 24. Bxh6 Bxc3 25. bxc3 Bxd5 26. b4 Bf3 27. Be3 a6 28. h3 f5 29. Kf1 {½-½ (49) Svane,R (2600)-Efimenko,Z (2635) Germany 2019}) 20... Bh3 21. Rd1 Bg4 {...Bxc3 is the strong threat.} 22. Rf1 Bh3 {Accuracy: White = 100%, Black = 100%.} 1/2-1/2

[Event "Magnus Carlsen Chess Tour Finals Kiva"]
[Site "Online"]
[Date "2020.08.07"]
[Round "1.3"]
[White "Ding, Liren"]
[Black "Carlsen, Magnus"]
[Result "1-0"]
[WhiteElo "2836"]
[BlackElo "2881"]
[Annotator "TA"]
[PlyCount "51"]
[EventDate "2020.08.09"]
[EventType "k.o."]
[SourceTitle "playchess.com"]
[Source "ChessBase"]
[SourceQuality "1"]

{[%evp 23,51,18,17,9,38,5,16,0,32,31,29,31,53,0,74,59,66,54,66,0,17,-12,0,0,0,-36,-70,-36,-41,-142]} 1. e4 c6 2. d4 d5 3. exd5 cxd5 4. Bd3 Nc6 5. c3 Nf6 6. Bf4 Bg4 7. Qb3 Qc8 8. Nd2 e6 9. Ngf3 Be7 10. O-O Bh5 11. Rae1 Bg6 12. Bxg6 hxg6 13. h4 $5 {[%mdl 4] [#] Exploring less charted territory. B13: Caro-Kann: Exchange Variation and Panov-Botvinnik Attack.} Nh5 $146 ({Predecessor:} 13... a6 14. a4 Nh5 15. Bh2 Nf6 16. Bf4 Nh5 17. Bh2 Nf6 18. Bf4 {½-½ (18) Carlsen,M (2863)-So,W (2770) chess24.com INT 2020}) 14. Bh2 Nf6 15. Bf4 {The position is equal.} Nh5 16. Bg5 f6 17. Be3 Qc7 18. c4 (18. Qc2 $14) 18... Rd8 (18... O-O-O $1 $11 {keeps the balance.}) 19. cxd5 exd5 20. Nb1 Qd7 21. Nh2 (21. Re2 $14) 21... Kf7 22. g4 Na5 23. Qd1 Bd6 $1 {[#] Strongly threatening ...Nf4.} 24. gxh5 Rxh5 25. f4 $1 Rxh4 26. Re2 {[%mdl 32768] Accuracy: White = 56%, Black = 82%. . Loss on time!?} ({Better is} 26. Qf3 $1 $15 Rdh8 27. Re2 (27. Qxd5+ Kf8 $11)) 1-0

[Event "Magnus Carlsen Chess Tour Finals Kiva"]
[Site "Online"]
[Date "2020.08.07"]
[Round "1.3"]
[White "Nakamura, Hikaru"]
[Black "Dubov, Daniil"]
[Result "1/2-1/2"]
[WhiteElo "2829"]
[BlackElo "2770"]
[Annotator "TA"]
[PlyCount "66"]
[EventDate "2020.08.09"]
[EventType "k.o."]
[SourceTitle "playchess.com"]
[Source "ChessBase"]
[SourceQuality "1"]

{[%evp 18,66,40,19,22,25,29,14,28,13,20,8,18,-23,-22,-28,35,30,23,38,29,20,25,28,43,39,74,78,90,64,71,77,77,28,112,0,86,103,109,24,18,22,29,2,53,18,22,8,0,1,8]} 1. e4 c5 2. Nf3 Nc6 3. d4 cxd4 4. Nxd4 Nf6 5. Nc3 d6 6. Bg5 Bd7 7. Qd2 a6 8. O-O-O e6 9. Kb1 Be7 10. f3 Nxd4 {B67: Sicilian: Richter-Rauzer: 7...a6 8 0-0-0 Bd7, lines without 9 f4 Be7.} 11. Qxd4 Qc7 12. h4 b5 {[%cal Bb7b5,Bb5b4][%mdl 32]} 13. Qd2 b4 14. Ne2 a5 15. Nd4 Rb8 16. g4 h5 {[#]} (16... a4 $11) 17. Bxf6 $146 ({Predecessor:} 17. gxh5 Nxh5 18. Rg1 Nf6 19. Bd3 e5 20. Ne2 a4 21. f4 Be6 22. f5 Bd7 23. c4 {½-½ (76) Bilguun,S (2478)-Gupta,A (2606) Xingtai 2019}) 17... Bxf6 18. g5 Be7 19. b3 g6 20. Bc4 e5 21. Ne2 Be6 22. Bxe6 fxe6 23. f4 O-O 24. Rhf1 {And now f5! would win.} Qc6 25. Qd3 {White wants to play f5.} Rbc8 (25... Rbd8 $1 $11) 26. Rd2 (26. f5 $16) 26... d5 (26... Rcd8 $11 {keeps the balance.}) 27. exd5 $16 exd5 28. Qxd5+ (28. Rdd1 $16 e4 29. Qxd5+ Qxd5 30. Rxd5) 28... Qxd5 $11 29. Rxd5 exf4 $1 30. Rxf4 Rfd8 (30... Rc5 $11 31. Rdd4 Re5) 31. Rxd8+ Rxd8 {The position is equal.} 32. Kc1 Bc5 {[#] Hoping for ...Be3+.} 33. Re4 Kf7 {Accuracy: White = 67%, Black = 68%.} 1/2-1/2